<?xml version="1.0" encoding="UTF-8"?>
<collection xmlns="http://www.loc.gov/MARC21/slim">
 <record>
  <leader>01927aam a22002658a 4500</leader>
  <controlfield tag="001">NCT_20017</controlfield>
  <controlfield tag="008">160713s2016                  ||||||viesd</controlfield>
  <datafield tag="999" ind1=" " ind2=" ">
   <subfield code="c">952</subfield>
   <subfield code="d">952</subfield>
  </datafield>
  <datafield tag="020" ind1=" " ind2=" ">
   <subfield code="c">78000</subfield>
  </datafield>
  <datafield tag="082" ind1="0" ind2="4">
   <subfield code="2">23rd ed.</subfield>
   <subfield code="a">332.401</subfield>
   <subfield code="b">D464</subfield>
  </datafield>
  <datafield tag="100" ind1="1" ind2=" ">
   <subfield code="a">Nguyễn Đăng Dờn</subfield>
   <subfield code="e">Chủ biên</subfield>
  </datafield>
  <datafield tag="245" ind1="1" ind2="0">
   <subfield code="a">Lý thuyết tài chính tiền tệ</subfield>
   <subfield code="c">Nguyễn Đăng Dờn (chủ biên)</subfield>
  </datafield>
  <datafield tag="260" ind1=" " ind2=" ">
   <subfield code="a">Tp.HCM</subfield>
   <subfield code="b">Nxb. Đại học Quốc gia Tp.HCM</subfield>
   <subfield code="c">2009</subfield>
  </datafield>
  <datafield tag="300" ind1=" " ind2=" ">
   <subfield code="a">391 tr.</subfield>
   <subfield code="c">24cm.</subfield>
  </datafield>
  <datafield tag="520" ind1=" " ind2=" ">
   <subfield code="a">Với nội dung phong phú, phản ánh một cách có hệ thống các vấn đề lý luận về Tài chính, tiền tệ, tín dụng và ngân hàng trong nền kinh tế thị trường, cuốn sách sẽ giúp người học trang bị kiến thức nền tảng, để tiếp cận tốt hơn các môn nghiệp vụ về Tài chính - ngân hàng, sẵn sàng giải quyết tốt các vấn đề nảy sinh từ thực tiễn.</subfield>
  </datafield>
  <datafield tag="653" ind1=" " ind2=" ">
   <subfield code="a">Tài chính - Ngân hàng</subfield>
  </datafield>
  <datafield tag="700" ind1="1" ind2=" ">
   <subfield code="a">Nguyễn Quốc Anh</subfield>
  </datafield>
  <datafield tag="700" ind1="1" ind2=" ">
   <subfield code="a">Nguyễn Kim Trọng</subfield>
  </datafield>
  <datafield tag="700" ind1="1" ind2=" ">
   <subfield code="a">Nguyễn Văn Thầy</subfield>
  </datafield>
  <datafield tag="942" ind1=" " ind2=" ">
   <subfield code="2">ddc</subfield>
   <subfield code="c">BK</subfield>
  </datafield>
  <datafield tag="952" ind1=" " ind2=" ">
   <subfield code="0">0</subfield>
   <subfield code="1">0</subfield>
   <subfield code="2">ddc</subfield>
   <subfield code="4">0</subfield>
   <subfield code="6">332_401000000000000_D464</subfield>
   <subfield code="7">0</subfield>
   <subfield code="9">5803</subfield>
   <subfield code="a">000001</subfield>
   <subfield code="b">000001</subfield>
   <subfield code="d">2017-12-21</subfield>
   <subfield code="o">332.401 D464</subfield>
   <subfield code="p">MD.06084</subfield>
   <subfield code="r">2017-12-21</subfield>
   <subfield code="v">78000.00</subfield>
   <subfield code="w">2017-12-21</subfield>
   <subfield code="y">BK</subfield>
  </datafield>
  <datafield tag="952" ind1=" " ind2=" ">
   <subfield code="0">0</subfield>
   <subfield code="1">0</subfield>
   <subfield code="2">ddc</subfield>
   <subfield code="4">0</subfield>
   <subfield code="6">332_401000000000000_D464</subfield>
   <subfield code="7">0</subfield>
   <subfield code="9">5804</subfield>
   <subfield code="a">000001</subfield>
   <subfield code="b">000001</subfield>
   <subfield code="d">2017-12-21</subfield>
   <subfield code="l">1</subfield>
   <subfield code="o">332.401 D464</subfield>
   <subfield code="p">MD.06085</subfield>
   <subfield code="r">2020-07-27</subfield>
   <subfield code="s">2020-07-24</subfield>
   <subfield code="v">78000.00</subfield>
   <subfield code="w">2017-12-21</subfield>
   <subfield code="y">BK</subfield>
  </datafield>
  <datafield tag="952" ind1=" " ind2=" ">
   <subfield code="0">0</subfield>
   <subfield code="1">0</subfield>
   <subfield code="2">ddc</subfield>
   <subfield code="4">0</subfield>
   <subfield code="6">332_401000000000000_D464</subfield>
   <subfield code="7">0</subfield>
   <subfield code="9">5805</subfield>
   <subfield code="a">000001</subfield>
   <subfield code="b">000001</subfield>
   <subfield code="d">2017-12-21</subfield>
   <subfield code="l">3</subfield>
   <subfield code="m">1</subfield>
   <subfield code="o">332.401 D464</subfield>
   <subfield code="p">MD.06086</subfield>
   <subfield code="r">2020-08-12</subfield>
   <subfield code="s">2020-05-05</subfield>
   <subfield code="v">78000.00</subfield>
   <subfield code="w">2017-12-21</subfield>
   <subfield code="y">BK</subfield>
  </datafield>
  <datafield tag="952" ind1=" " ind2=" ">
   <subfield code="0">0</subfield>
   <subfield code="1">0</subfield>
   <subfield code="2">ddc</subfield>
   <subfield code="4">0</subfield>
   <subfield code="6">332_401000000000000_D464</subfield>
   <subfield code="7">0</subfield>
   <subfield code="9">5806</subfield>
   <subfield code="a">000001</subfield>
   <subfield code="b">000001</subfield>
   <subfield code="d">2017-12-21</subfield>
   <subfield code="l">3</subfield>
   <subfield code="o">332.401 D464</subfield>
   <subfield code="p">MD.06087</subfield>
   <subfield code="r">2020-11-23</subfield>
   <subfield code="s">2020-11-21</subfield>
   <subfield code="v">78000.00</subfield>
   <subfield code="w">2017-12-21</subfield>
   <subfield code="y">BK</subfield>
  </datafield>
  <datafield tag="980" ind1=" " ind2=" ">
   <subfield code="a">Thư viện Trường Đại học Nam Cần Thơ</subfield>
  </datafield>
 </record>
</collection>
